[Event "Kurnosov Memorial Rapid 2018"]
[Site "Chelyabinsk"]
[Date "2018.09.07"]
[Round "2"]
[White "Popov, Mikhail"]
[Black "Oparin, Grigoriy"]
[Result "0-1"]
[WhiteElo "2343"]
[BlackElo "2665"]
[Annotator "TA"]
[PlyCount "70"]
[EventDate "2018.09.07"]
[EventType "swiss"]
[EventCountry "RUS"]
[SourceTitle "playchess.com"]
[Source "ChessBase"]
[SourceQuality "1"]

{[%evp 13,70,0,0,0,1,10,6,0,0,0,0,-9,-3,-8,-14,-12,-8,-14,-20,-41,-27,-89,-61,-60,-39,-60,-57,-62,-65,-152,-155,-196,-191,-191,-159,-168,-142,-166,-148,-192,-85,-104,-111,-527,-419,-546,-527,-839,-797,-990,-975,-958,-977,-1081,-1021,-1475,-1478,-1803,-1765]} 1. c4 Nf6 2. g3 e6 3. Bg2 d5 4. Nf3 dxc4 5. Qa4+ Bd7 6. Qxc4 {A13: English Opening: 1...e6} c5 7. Ne5 Qc8 {LiveBook: 157 Games} 8. O-O {The position is equal.} (8. Qd3 Nc6 9. Nxd7 Nxd7 10. Nc3 Be7 11. O-O O-O 12. b3 Rd8 13. Bb2 Nb6 {1-0 (81) So,W (2780)-Wei,Y (2729) chess.com INT 2018}) 8... Nc6 9. Nxd7 Qxd7 10. Qc2 Be7 11. d3 O-O 12. Nd2 Rac8 13. Nf3 $146 ({Predecessor:} 13. b3 Nd4 {1-0 (79) Horton,A (2397)-Saric,A (2540) Katowice 2017}) 13... Rfd8 $36 {[%mdl 2048] Black has the initiative.} 14. Bf4 Nd5 15. Ne5 Nd4 16. Qd2 Qb5 17. Nc4 (17. Rfd1 $11 {keeps the balance.}) 17... Nxf4 18. gxf4 Bf6 19. Rac1 Qa6 20. b3 b5 21. Ne3 ({White should play} 21. Ne5 $15) 21... Qd6 $17 22. Ng4 {[#]} Qxf4 $1 {[%mdl 512]} 23. Nxf6+ (23. Qxf4 Nxe2+) 23... Qxf6 24. Rfe1 h5 25. Qa5 h4 {aiming for ...h3!} 26. h3 Rd7 (26... Qg5 $19 {and Black stays clearly on top.} 27. Rcd1 Qh5) 27. Qa6 Rcc7 28. b4 $2 {[%mdl 8192]} (28. Kf1 $17 {is more resistant.}) 28... cxb4 $19 {[#] And now ...Nxe2+! would win.} 29. Rxc7 Rxc7 {Black is clearly winning.} 30. Qd6 Rc2 31. Kf1 a5 {[%cal Ba7a5,Ba5a4][%mdl 32]} 32. Qa6 a4 33. Qa8+ Kh7 34. Qe4+ g6 35. Qb7 Kg7 {Precision: White = 29%, Black = 70%.} 0-1

[Event "Kurnosov Memorial Rapid 2018"]
[Site "Chelyabinsk"]
[Date "2018.09.07"]
[Round "2"]
[White "Ogloblin, Nikolay"]
[Black "Pridorozhni, Aleksei"]
[Result "0-1"]
[WhiteElo "2334"]
[BlackElo "2659"]
[Annotator "TA"]
[PlyCount "100"]
[EventDate "2018.09.07"]
[EventType "swiss"]
[EventCountry "RUS"]
[SourceTitle "playchess.com"]
[Source "ChessBase"]
[SourceQuality "1"]

{[%evp 12,100,33,27,47,22,17,16,37,13,21,0,15,20,16,0,12,0,22,0,16,1,16,3,19,28,37,34,41,0,0,0,0,0,0,0,0,0,24,32,15,0,0,0,0,-8,-6,-20,-22,-153,-166,-200,0,-185,-64,-210,-202,-308,-315,-287,-297,-341,-346,-372,-406,-392,-384,-396,-391,-457,-385,-368,-356,-601,-594,-594,-574,-569,-559,-516,-484,-863,-852,-2708,-2514,-5289,-5402,-2137,-1892,-29980,-29980]} 1. d4 e6 2. Nf3 b6 3. c4 Bb7 4. a3 Nf6 5. Nc3 Ne4 6. Nxe4 Bxe4 7. e3 Qf6 {E12: Damenindisch (Petrosjan-System und 4. oder 5.Lg5)} 8. Bd3 (8. Be2 Bd6 9. O-O O-O 10. b4 c5 11. Nd2 Bc6 12. b5 Bb7 13. Bb2 cxd4 14. exd4 Bf4 15. Bf3 {1-0 (30) Korobov,A (2652)-Rapport,R (2707) Riadh 2017}) 8... Bxd3 9. Qxd3 Qg6 {Die Stellung ist ausgeglichen.} 10. Qxg6 (10. Qe2 {keeps more tension.} d6 11. e4 Be7 12. O-O c5 13. b4) 10... hxg6 11. b3 $146 ({Vorgänger:} 11. b4 a5 12. b5 d6 13. a4 Nd7 14. Ba3 Be7 15. Ke2 {½-½ (28) Saric,A (2513)-Aguettaz,M (2443) Pula 2012}) 11... d6 12. Bb2 Nd7 13. h3 Be7 14. O-O-O Nf6 15. Ne1 a5 16. a4 c6 17. Nd3 b5 18. Kc2 Kd7 19. Bc3 g5 20. Ra1 b4 21. Bb2 Ne4 22. f3 Ng3 23. Rhe1 f5 24. Nf2 d5 25. Rad1 Rh4 26. cxd5 cxd5 27. Kd3 Bd6 28. Rc1 Nh5 29. Re2 Nf6 30. e4 (30. Kc2 $11) 30... Nh5 $17 31. Rec2 Bf4 $2 (31... dxe4+ $19 32. fxe4 Nf4+ 33. Kd2 Nxg2) 32. Rg1 $2 (32. exf5 $11 Bxc1 33. Bxc1) 32... Bg3 (32... Bh2 $1 $19 {[%cal Rh2g1]} 33. Rh1 Bg3) 33. Bc1 (33. exf5 $1 $15 Nf4+ 34. Ke3) 33... dxe4+ $19 34. fxe4 {[#]} (34. Ke2 $142) 34... Bxf2 $1 35. Rxf2 {[#]} Rc8 $1 ({Schwächer ist} 35... fxe4+ 36. Kc2 $17) 36. Bd2 Rxe4 ({Weniger gut wäre} 36... fxe4+ 37. Ke2 $19) 37. Rc1 Rxc1 38. Bxc1 Nf4+ 39. Bxf4 gxf4 {[%mdl 4096] Endspiel KT-KT} 40. Rc2 Re3+ 41. Kc4 Kc6 42. d5+ $2 (42. h4) 42... exd5+ 43. Kd4+ Kd6 44. Rc8 Re2 {[%cal Re2d2]} 45. Rd8+ Ke7 46. Ra8 (46. Rxd5 $142 Ke6 47. Rxa5 Rd2+ 48. Kc4 Rxg2 49. Ra8) 46... Rxg2 47. Rxa5 Rd2+ 48. Ke5 f3 {[%cal Bf4f3,Bf3f2][%mdl 32]} 49. Ra7+ Kf8 50. Rc7 f2 {Precision: Weiß = 24%, Schwarz = 58%.} 0-1

[Event "Kurnosov Memorial Rapid 2018"]
[Site "Chelyabinsk"]
[Date "2018.09.07"]
[Round "2"]
[White "Kanter, Eduard"]
[Black "Maletin, Pavel"]
[Result "1/2-1/2"]
[WhiteElo "2329"]
[BlackElo "2621"]
[Annotator "TA"]
[PlyCount "77"]
[EventDate "2018.09.07"]
[EventType "swiss"]
[EventCountry "RUS"]
[SourceTitle "playchess.com"]
[Source "ChessBase"]
[SourceQuality "1"]

{[%evp 23,77,-1,-5,-19,-5,-6,-10,-8,-8,-12,-12,-12,-5,-47,0,0,77,72,61,69,68,47,91,89,89,50,59,14,22,18,25,0,0,0,0,0,0,0,0,0,0,0,0,0,0,0,0,0,0,0,0,0,0,0,0,0]} 1. d4 d5 2. c4 c6 3. Nf3 Nf6 4. Nc3 e6 5. g3 Nbd7 6. Bg2 dxc4 7. O-O Be7 8. e4 O-O 9. Bf4 Re8 {E07: Closed Catalan: Main Line (5 Nf3 0-0 6 0-0 Nbd7)} 10. a4 b6 11. d5 exd5 12. exd5 Bb7 $1 {[%cal Rf6d5] [#] LiveBook: 4 Games} 13. a5 $1 {[%mdl 512] Threatens to win with a6.} bxa5 {[%cal Rc6d5]} 14. d6 Bf8 15. Nd2 Nb6 {Black wants to play ...Nfd5.} (15... Nd5 16. Nxd5 cxd5 17. Nxc4 dxc4 18. Bxb7 {½-½ (42) Nakamura,H (2777)-Karjakin,S (2773) Saint Louis 2018}) 16. Nde4 Nxe4 17. Nxe4 {[#] Strongly threatening Nc5.} ({Don't play} 17. Bxe4 Nd5 $17) 17... Nd5 $146 18. Nc5 Qb6 (18... Nxf4 {is more complex.} 19. Nxb7 Qd7 20. Nxa5 Nxg2 21. Kxg2 Qxd6 22. Qxd6 Bxd6 23. Nxc4 Bf8) 19. Nxb7 Qxb7 {[#]} (19... Nxf4 $11 20. d7 (20. Nxa5 Nxg2 21. Kxg2 Qb5 $11) 20... Ne2+ 21. Kh1 Qxb7) 20. Bxd5 $1 $16 cxd5 21. Rxa5 Rad8 22. Qxd5 Qxd5 23. Rxd5 {aiming for d7.} Rd7 24. Rc1 Rc8 25. b3 c3 26. Rd3 f6 27. h4 (27. Rdxc3 {seems wilder.} Rxc3 28. Rxc3 Kf7 29. Rc7 Ke6 30. Be3) 27... Kf7 {The position is equal.} 28. Rcxc3 Rxc3 29. Rxc3 Bxd6 30. Bxd6 (30. Be3 {with more complications.} a5 31. Kg2 Bb4 32. Rc4 h5 33. Rd4) 30... Rxd6 $11 {[%mdl 4096] Endgame KR-KR} 31. Rc7+ Kg6 32. Rxa7 Rb6 33. Ra3 Kf5 34. Kg2 g5 35. hxg5 fxg5 36. Kf3 h5 37. Ra5+ Kg6 38. Ra3 Kf5 39. Ra5+ {Precision: White = 56%, Black = 95%.} 1/2-1/2

[Event "Kurnosov Memorial Rapid 2018"]
[Site "Chelyabinsk"]
[Date "2018.09.07"]
[Round "3"]
[White "Artemiev, Vladislav"]
[Black "Sivuk, Vitaly"]
[Result "1-0"]
[WhiteElo "2733"]
[BlackElo "2526"]
[Annotator "TA"]
[PlyCount "123"]
[EventDate "2018.09.07"]
[EventType "swiss"]
[EventCountry "RUS"]
[SourceTitle "playchess.com"]
[Source "ChessBase"]
[SourceQuality "1"]

{[%evp 17,123,0,0,0,13,14,8,10,8,1,1,8,20,15,28,26,35,30,38,38,45,14,14,10,1,5,57,54,55,55,56,55,64,55,55,58,85,28,33,33,33,5,25,0,0,10,19,0,63,1,22,0,0,0,0,0,0,0,0,0,0,0,37,37,75,75,75,75,75,75,70,70,81,64,75,69,74,56,62,51,65,62,67,47,114,47,66,48,106,62,113,69,79,60,379,378,388,363,2789,186,29971,29973,29973,29972,29973,29975,29976,29975]} 1. c4 Nf6 2. g3 g6 3. Bg2 Bg7 4. Nc3 O-O 5. Nf3 d6 6. O-O e5 7. d3 Re8 8. Nd2 c6 {A24: English Opening vs King's Indian: Lines without ...Nc6} (8... a5 9. a3 c6 10. Rb1 d5 11. cxd5 cxd5 12. Qb3 Be6 13. Qxb7 Nbd7 14. e4 Rb8 15. Qc6 Rc8 16. Qb5 {1-0 (33) Petrosian,T (2624)-Greenfeld,A (2545) Golden Sands 2014}) 9. Nde4 Nxe4 {LiveBook: 3 Games} 10. dxe4 Be6 {The position is equal.} 11. b3 Na6 $146 ({Predecessor:} 11... a6 12. a4 a5 13. Be3 Na6 14. Rc1 Bf8 15. Qd2 Qe7 16. Rfd1 {0-1 (85) Buch,C (2260)-Ejsing,E Denmark 1991}) 12. Be3 Qe7 13. Qd2 Red8 14. Rad1 Nc7 15. Qc1 b5 16. cxb5 cxb5 17. Qd2 b4 18. Na4 a5 19. Rc1 Nb5 20. Qd3 Qe8 21. h4 Rac8 (21... Nd4 $11) 22. Bb6 $14 Rxc1 23. Rxc1 Ra8 24. e3 h5 25. Bf1 Bd7 26. Qd5 Bf8 27. Bc7 (27. Kh2 $16) 27... Nxc7 ({Don't go for} 27... Rc8 $2 28. Bxb5 Bxb5 29. Nb6 $18) 28. Rxc7 Be6 29. Qb7 Rb8 30. Qa7 Ra8 31. Qb6 Qd8 32. Bc4 {Hoping for Bxe6.} (32. Qc6 {seems wilder.} Rc8 33. Rxc8 Qxc8 34. Qxc8 Bxc8 35. Nb6) 32... Bxc4 (32... Rc8 $11 33. Rxc8 Qxc8) 33. Rxc4 (33. bxc4 $14 Qe8 34. Qb5) 33... d5 $11 34. Qxd8 (34. Rc1 {looks sharper.} dxe4 35. Qc6 Ra7 36. Qxe4 Rd7 37. Nb2) 34... Rxd8 35. exd5 Rxd5 {[%mdl 4096] Endgame KRB-KRN} 36. Rc2 e4 37. Kf1 Rd1+ 38. Kg2 Rd5 39. Nb6 Rb5 (39... Rd6 $5 {[%cal Rd6b6]} 40. Nc4 Ra6 $11) 40. Rc6 Bg7 41. Rc8+ Kh7 42. Nc4 Rd5 43. Ra8 Bc3 44. Rxa5 Rd1 45. Ra6 Kg7 46. Ra7 Kf8 47. a4 {Black must now prevent a5.} bxa3 $1 48. Rxa3 f5 49. Ra6 Kg7 $1 50. Ra7+ Kf6 (50... Kf8 $14) 51. Nb6 (51. Rc7 $16) 51... Bb4 52. Rb7 Ke6 (52... Be1 $14) 53. Rc7 Rd2 ({Black should play} 53... Rd6 $14 54. Rg7 Kf6) 54. Rc4 Be7 55. b4 Rd6 $2 {[%mdl 8192]} (55... g5 $14) 56. Nc8 $18 Rd8 57. Rc6+ Bd6 $2 (57... Kd7) 58. f3 $2 (58. Rxd6+ Rxd6 59. Nxd6 Kxd6 60. f3) 58... Kd5 $2 {[#]} (58... Rxc8 $18 59. Rxc8 exf3+ 60. Kxf3 Bxb4) 59. Rxd6+ {White mates.} Rxd6 60. fxe4+ fxe4 61. Nxd6 Kxd6 {[#]} 62. g4 $1 {[%mdl 512] Precision: White = 54%, Black = 37%.} 1-0

[Event "Kurnosov Memorial Rapid 2018"]
[Site "Chelyabinsk"]
[Date "2018.09.07"]
[Round "3"]
[White "Riazantsev, Alexander"]
[Black "Gunina, Valentina"]
[Result "1-0"]
[WhiteElo "2687"]
[BlackElo "2478"]
[Annotator "TA"]
[PlyCount "69"]
[EventDate "2018.09.07"]
[EventType "swiss"]
[EventCountry "RUS"]
[SourceTitle "playchess.com"]
[Source "ChessBase"]
[SourceQuality "1"]

{[%evp 11,69,0,11,11,11,11,23,10,105,98,196,202,198,203,187,185,226,216,243,243,235,246,264,264,326,323,326,331,352,344,337,339,377,375,368,377,635,635,673,508,667,659,657,520,563,527,502,475,667,655,818,802,1196,1284,1329,1315,2177,2095,1794,1271]} 1. Nf3 d5 2. e3 Nf6 3. c4 e6 4. b3 Be7 5. Bb2 O-O 6. Nc3 b6 7. cxd5 {A13: English Opening: 1...e6} Nxd5 8. Nxd5 Qxd5 (8... exd5 9. Qc2 c5 10. a3 Nc6 11. Bb5 Bb7 12. O-O Rc8 13. Rac1 a6 14. Be2 d4 {½-½ (36) Carlsen,M (2843)-Karjakin,S (2782) Stavanger 2018}) 9. Qc2 {White has an edge.} Bb7 $146 (9... Qc6 $11 {remains equal.} 10. Qxc6 Nxc6) ({Predecessor:} 9... c5 10. Bd3 f5 11. e4 Qd6 12. exf5 Nc6 13. f6 Bxf6 14. Bxh7+ Kh8 15. Bxf6 Rxf6 {1-0 (43) Rozum,I (2581)-Usmanov,V (2483) St Petersburg 2018}) 10. Qxc7 $16 Bd6 (10... Nd7 $16) 11. Qc3 $18 {[%csl Gb2][%cal Rc3g7] [#]} f6 12. Bc4 Qh5 13. Bxe6+ $40 {[%mdl 128] White has strong attack.} Kh8 14. Qd3 Be5 15. Nxe5 fxe5 16. Bd5 Rd8 {[#]} 17. Bf3 $1 ({Weaker is} 17. Bxb7 Rxd3 18. Bxa8 Rd8 $16) 17... Qe8 18. Qxd8 ({Less strong is} 18. Bxb7 Rxd3 19. Bxa8 Na6 $14) 18... Qxd8 19. Bxb7 Nd7 20. Bxa8 Qxa8 21. O-O Qd5 22. Rac1 h6 23. d4 e4 $2 (23... exd4 24. Bxd4 Qb7) 24. Rc7 {White is clearly winning.} a5 25. Ba3 Nf6 26. h3 Qb5 27. Rc4 Nd5 28. Bd6 Kh7 29. Be5 Kg6 (29... h5 $142 30. Ra1 h4) 30. Rfc1 h5 31. Rc6+ Kf7 32. Rd6 h4 33. Rc8 a4 34. bxa4 Qa5 35. Kh2 {Precision: White = 92%, Black = 26%.} 1-0

[Event "Kurnosov Memorial Rapid 2018"]
[Site "Chelyabinsk"]
[Date "2018.09.07"]
[Round "3"]
[White "Oparin, Grigoriy"]
[Black "Bezgodov, Alexei"]
[Result "1/2-1/2"]
[WhiteElo "2665"]
[BlackElo "2455"]
[Annotator "TA"]
[PlyCount "123"]
[EventDate "2018.09.07"]
[EventType "swiss"]
[EventCountry "RUS"]
[SourceTitle "playchess.com"]
[Source "ChessBase"]
[SourceQuality "1"]

{[%evp 28,123,72,60,149,105,112,97,81,42,37,36,34,44,41,41,39,43,41,42,66,41,55,42,48,41,60,31,32,31,51,19,32,32,32,32,26,18,18,18,20,12,18,16,22,5,22,3,7,4,74,75,75,75,61,27,94,24,24,24,26,26,120,108,108,129,81,8,9,0,0,0,0,0,0,0,0,0,0,0,0,0,0,0,0,0,0,0,0,0,0,0,0,0,0,0,0,0]} 1. Nf3 Nf6 2. g3 g6 3. Bg2 Bg7 4. c4 c5 5. d4 cxd4 6. Nxd4 O-O 7. Nc3 Nc6 8. O-O Nxd4 9. Qxd4 d6 10. Qd3 Bf5 11. e4 Be6 12. Bd2 Nd7 13. b3 Nc5 {A39: Symmetrical English vs ...g6: 4 Bg2 Bg7 5 Nf3 Nf6 6 0-0 0-0 7 d4} (13... a6 14. Rac1 b5 15. cxb5 Nc5 16. Qe2 axb5 17. Rc2 Nxb3 18. axb3 Bxb3 19. Rb2 Bc4 20. Qe1 Ra3 21. Rb4 Bxf1 22. Bxf1 {½-½ (36) Erdos,V (2643)-Kosic,D (2517) Hungary 2013}) 14. Qe2 a5 15. Rac1 {[#] LiveBook: 7 Games} f5 $146 ({Black should try} 15... Bd7 $14) ({Predecessor:} 15... Bd7 16. Rfd1 Bc6 17. Be3 Qb6 18. Nb5 Rac8 19. a3 Qa6 20. b4 axb4 21. axb4 {½-½ (37) Nugumanov,B (2388)-Ismagambetov,A (2542) Astana 2017}) 16. Rfe1 Rf7 17. exf5 Bxf5 18. Ne4 Bxe4 19. Bxe4 {Bd5 is the strong threat.} Bd4 20. Be3 Bxe3 21. Qxe3 {Strongly threatening Bd5.} Nxe4 22. Qxe4 Qb6 23. Rc2 Raf8 24. Ree2 Qc6 25. Qe3 b6 26. Rcd2 Qc5 27. Qd3 Rf5 28. Re3 Re5 29. Rde2 Rxe3 30. Rxe3 $11 {[%mdl 4096] Endgame KQR-KQR} Rf7 31. Qe2 Kf8 32. h4 Ke8 33. Kg2 Kd8 34. f4 Qc6+ 35. Kh2 Qc5 36. Qf3 Kc7 37. Re2 e5 38. Qa8 Qc6 (38... Re7 $11 {keeps the balance.}) 39. Qa7+ $16 Qb7 40. Qxb7+ Kxb7 41. fxe5 dxe5 {KR-KR} 42. Kg2 (42. Rxe5 $16 Rf2+ 43. Kh3) 42... Re7 $11 43. Kf3 Kc6 44. Ke4 b5 (44... a4 $11 {remains equal.}) 45. Rc2 Rf7 46. cxb5+ Kxb5 47. Rc8 (47. Kxe5 $16 Rf3 48. Rc7) 47... Rf2 {The position is equal.} 48. Rb8+ Kc6 49. a4 Re2+ 50. Kf3 Rb2 51. Rb5 Kd6 52. g4 h5 53. gxh5 gxh5 54. Ke4 Rh2 55. Rd5+ Kc6 {[#] Hoping for ...Re2+.} 56. Rxa5 Rxh4+ 57. Kxe5 Rb4 58. Rb5 Rxb5+ 59. axb5+ Kxb5 60. Kf5 Kb4 61. Kg5 Kxb3 62. Kxh5 {Precision: White = 54%, Black = 73%.} 1/2-1/2

[Event "Kurnosov Memorial Rapid 2018"]
[Site "Chelyabinsk"]
[Date "2018.09.07"]
[Round "3"]
[White "Pridorozhni, Aleksei"]
[Black "Gutenev, Alexander"]
[Result "1/2-1/2"]
[WhiteElo "2659"]
[BlackElo "2434"]
[Annotator "TA"]
[PlyCount "95"]
[EventDate "2018.09.07"]
[EventType "swiss"]
[EventCountry "RUS"]
[SourceTitle "playchess.com"]
[Source "ChessBase"]
[SourceQuality "1"]

{[%evp 19,95,10,4,-29,-13,-18,-26,-59,-57,-61,-61,-66,-66,-65,-52,-52,-50,-50,-44,-44,-44,-44,-44,-44,-44,-44,-40,-45,-43,-56,-53,-61,-54,-57,-57,-57,-57,-63,-62,-65,-62,-63,-57,-58,-57,-57,0,-69,-53,-53,-53,-55,-56,-56,-45,-45,-45,-56,-41,-58,-58,-62,-47,-51,-52,-78,-78,-129,-129,-125,-125,-183,-170,-155,-78,-78,-48,-48]} 1. c4 Nf6 2. g3 c6 3. Bg2 d5 4. Nf3 g6 5. b3 Bg7 6. Bb2 O-O 7. O-O Bg4 8. h3 Bxf3 {A11: English Opening: 1...c6} 9. Bxf3 Nbd7 {[%cal Bb8d7,Bd7c5,Bc5d3][%mdl 32]} 10. d3 Re8 {LiveBook: 4 Games. The position is equal.} 11. e4 $146 {[%cal Rc4d5]} ({Predecessor:} 11. Bg2 e5 12. Nd2 e4 13. cxd5 exd3 14. e4 cxd5 15. exd5 a5 16. Rc1 {1-0 (30) Gagunashvili,M (2556)-Shyam,N (2420) Hyderabad 2013}) 11... dxe4 12. dxe4 Nc5 13. Nd2 Bh6 14. e5 Nd3 15. Bc3 Nxe5 $1 16. Bxe5 {[#] And now Bc3 would win.} Qxd2 17. Qxd2 Bxd2 18. Rfd1 Rad8 19. Rab1 Bb4 20. Bb2 Ba5 21. a3 $1 Rxd1+ 22. Rxd1 Rd8 23. Rxd8+ Bxd8 $15 {[%mdl 4096] Endgame KBB-KBN} 24. b4 Nd7 25. Kf1 e6 26. b5 cxb5 27. cxb5 b6 28. Ke2 Bf6 29. Bc1 $1 Kf8 30. Bc6 Ne5 31. Be4 Nc4 32. Kd3 Ne5+ (32... Nb2+ $15 33. Kc2 Nc4) 33. Kc2 (33. Ke2 $11) 33... h5 34. a4 Nd7 35. Kd1 Bd4 36. Ke2 Nc5 37. Bc2 Ke7 38. f3 Be5 39. g4 hxg4 40. fxg4 Bf6 41. Be3 Kd6 42. Kf3 Kd5 43. Bf2 (43. Bxc5 $142 Kxc5 44. Be4) 43... g5 $17 44. Be3 Kc4 45. Bd2 (45. Bxc5 $17 bxc5 46. Bd1) 45... Nb3 $19 46. Be3 Nd4+ (46... Kb4 $142 47. Be4 Kxa4) 47. Bxd4 $17 Kxd4 48. Bh7 {Precision: White = 56%, Black = 65%.} 1/2-1/2

[Event "Kurnosov Memorial Rapid 2018"]
[Site "Chelyabinsk"]
[Date "2018.09.07"]
[Round "3"]
[White "Ovetchkin, Roman"]
[Black "Andreikin, Dmitry"]
[Result "0-1"]
[WhiteElo "2508"]
[BlackElo "2731"]
[Annotator "TA"]
[PlyCount "74"]
[EventDate "2018.09.07"]
[EventType "swiss"]
[EventCountry "RUS"]
[SourceTitle "playchess.com"]
[Source "ChessBase"]
[SourceQuality "1"]

{[%evp 12,74,4,0,-1,0,62,62,52,62,60,60,60,13,30,9,13,0,0,-30,-15,-22,-7,-4,0,-37,-40,-73,-45,-40,-32,-147,-36,-118,-109,-113,-101,-118,-123,-287,-276,-327,-326,-335,-283,-289,-297,-297,-294,-296,-296,-378,-285,-552,-553,-507,-507,-877,-862,-922,-918,-981,-972,-954,-952]} 1. d4 Nf6 2. c4 e6 3. Nc3 Bb4 4. a3 Bxc3+ 5. bxc3 d6 6. f3 Nfd7 {E24: Nimzo-Indian: Sämisch: Unusual Black 5th moves and 5...c5 sidelines} (6... c5 7. e4 Nc6 8. Be3 b6 9. Ne2 O-O 10. Nc1 Ba6 11. Nb3 Rc8 12. Be2 Ne7 13. Nd2 Nc6 14. Nb3 Ne7 15. Nd2 Nc6 16. Nb3 Ne7 {½-½ (16) Mirzoev,E (2418)-Fedorchuk,S (2637) Orsay 2018}) 7. e4 {LiveBook: 5 Games} O-O 8. Bd3 f5 $146 (8... c5 $11) ({Predecessor:} 8... Nc6 9. h4 e5 10. Ne2 Nb6 11. Rb1 Qe8 12. g4 Na5 13. c5 dxc5 14. Rb5 Nc6 15. Rxc5 {1-0 (40) Palliser,R (2445)-Jouhki,Y (2292) Finland 2011}) 9. exf5 $14 exf5 10. Ne2 Qh4+ 11. g3 Qf6 12. h4 c5 13. Bg5 Qf7 14. h5 h6 15. Be3 Nc6 16. Nf4 b6 17. Kf2 Ba6 18. Qa4 Na5 $1 {[%cal Ra6c4]} 19. Nd5 Nf6 20. Nxf6+ Qxf6 21. Rac1 {[#]} (21. Rh4 $15) 21... Rae8 (21... cxd4 $1 $17 22. Bxd4 (22. cxd4 d5 $17) 22... Qf7) 22. Rhe1 (22. Rce1 $15) 22... Qf7 $17 23. Bf4 Bxc4 24. Bxc4 Nxc4 ({Don't take} 24... Qxc4 25. Qd7 $15) 25. Qc6 $2 {[#]} (25. Rxe8 $17 Rxe8 26. Re1 Rxe1 27. Kxe1) 25... Qxh5 $19 26. Kg2 Qf7 27. dxc5 dxc5 28. Rcd1 Rxe1 29. Rxe1 Rd8 30. a4 Kh7 31. Re6 Qd7 32. Rxh6+ $2 (32. Qxd7 Rxd7 33. Kf2) 32... gxh6 {Black is clearly winning.} 33. Qxh6+ Kg8 34. Qg5+ (34. Qg6+ $142 Qg7 35. Qh5) 34... Kf7 35. Qh5+ Ke6 36. Qg6+ Kd5 37. g4 Nd6 {Precision: White = 40%, Black = 59%.} 0-1

[Event "Kurnosov Memorial Rapid 2018"]
[Site "Chelyabinsk"]
[Date "2018.09.07"]
[Round "3"]
[White "Belyakov, Bogdan"]
[Black "Chigaev, Maksim"]
[Result "0-1"]
[WhiteElo "2496"]
[BlackElo "2678"]
[Annotator "TA"]
[PlyCount "82"]
[EventDate "2018.09.07"]
[EventType "swiss"]
[EventCountry "RUS"]
[SourceTitle "playchess.com"]
[Source "ChessBase"]
[SourceQuality "1"]

{[%evp 15,82,0,0,-1,7,-8,33,34,48,45,40,50,49,35,42,34,38,14,13,-25,-14,-25,-6,-41,-34,-56,-52,-44,41,-30,-41,-41,-43,-28,-37,-38,-49,-47,-48,-53,-16,-83,0,0,0,0,0,-37,-46,-147,-113,-265,-261,-263,-262,-258,-258,-258,-257,-259,-252,-345,-274,-610,-595,-5152,-5152,-6139,-6319]} 1. e4 g6 2. d4 Bg7 3. Nc3 d6 4. f4 Nf6 5. Nf3 O-O 6. Bd3 Nc6 7. d5 {B09: Pirc Defence: Austrian Attack} (7. Be2 Bg4 8. Be3 Bxf3 9. Bxf3 e5 10. fxe5 dxe5 11. d5 Nd4 12. O-O c6 13. dxc6 bxc6 14. Ne2 Qc7 {½-½ (60) Karjakin,S (2773)-Nepomniachtchi,I (2742) Saint Louis 2017 CBM 180 [Marin,M]}) 7... Nb8 8. O-O c6 {LiveBook: 5 Games} 9. Kh1 {The position is equal.} cxd5 10. Nxd5 $146 ({Predecessor:} 10. exd5 Qb6 11. Na4 Qc7 12. c4 b5 13. cxb5 Bb7 14. Nc3 Nbd7 {0-1 (27) Subotic,Z-Paic,I Yugoslavia 1972}) 10... Nc6 11. Qe1 Nh5 12. f5 e6 $1 {[%cal Re6d5]} 13. Nc3 Ne5 14. Nxe5 dxe5 15. fxg6 hxg6 16. Ne2 Bd7 17. Rf3 Bc6 18. Rh3 Qf6 19. Rf3 Qe7 20. Be3 f5 21. Nc3 g5 ({Better is} 21... f4 $15 22. Bf2 b6) 22. Rh3 (22. exf5 $14 Bxf3 23. gxf3) 22... Nf4 $11 23. Bxf4 $1 exf4 ({Of course not} 23... gxf4 $6 24. exf5 Qg5 25. Qe2 $16) 24. exf5 {Black must now prevent Bc4.} g4 25. Rh5 f3 26. Be4 Qf7 $36 {[%mdl 2048] Black has some pressure.} 27. Rg5 {Bxc6 is the strong threat.} fxg2+ 28. Kxg2 (28. Bxg2 $11 {remains equal.} Bxg2+ 29. Kxg2 exf5 30. Rd1) 28... exf5 (28... Qf6 $1 $17 {[%cal Rf6g5]} 29. Qe3 (29. Rxg4 exf5 30. Bd5+ Bxd5+ 31. Nxd5 Qc6 $15) 29... exf5 30. Bxc6 Qxc6+ 31. Kg1 Rae8) 29. Bxc6 bxc6 30. Rd1 Qf6 31. Qh4 Rad8 32. Rxd8 (32. h3 $15) 32... Qxd8 33. Qh6 $2 (33. Rh5 $17) 33... Qd2+ $19 34. Kf1 {[%csl Gh6][%cal Rg5g7]} Qc1+ 35. Kf2 {[%csl Gh6][%cal Rg5g7]} Qxc2+ 36. Ne2 {[%csl Gh6][%cal Rg5g7]} Qc5+ 37. Kf1 {[%csl Gh6][%cal Rg5g7] [#]} Qe7 $1 38. Nf4 {[#]} Rf6 $1 {[%cal Rf6h6]} 39. Qh4 $2 (39. Rg6) 39... Rd6 {Black is clearly winning.} 40. Qe1 Qxg5 41. Qe8+ Kh7 {Precision: White = 30%, Black = 55%.} 0-1